000
00274nam a2200109Ia 4500
008
220216s9999 xx 000 0 und d
100
_a
Sebastian M Sunny
245
0
_a
How radiation vulcanised latex is better
260
_b
Rubber Asia
_c
1999
300
_a
76-79
942
_c
JS
999
_c
60509
_d
60509